Wichita Dwight D. Eisenhower National Destinations (Wichita, KS, USA) - Statistics

General Stats
  • This quiz has been taken 77 times
    21 since last reset
  • The average score is 15 of 17
Answer Stats
Airline Destination % Correct
Delta Air Lines Atlanta
100%
Southwest Airlines Chicago (Midway)
100%
American Eagle/United Airlines/United Express Chicago (O'Hare)
100%
American Airlines/American Eagle Dallas/Fort Worth
100%
United Airlines/United Express Houston (Intercontinental)
100%
Allegiant Air Los Angeles
100%
American Eagle Miami
100%
Southwest Airlines/United Airlines/United Express Denver
95%
Delta Connection Minneapolis/St. Paul
95%
Allegiant Air Phoenix/Mesa
95%
American Eagle/Southwest Airlines Phoenix (Sky Harbor)
95%
Alaska Airlines Seattle/Tacoma
95%
Allegiant Air/Southwest Airlines Las Vegas
89%
Allegiant Air Orlando/Sanford
79%
Allegiant Air Destin/Fort Walton Beach
68%
Allegiant Air St. Petersburg/Clearwater
37%
American Eagle Washington (National)
37%
No matching quizzes found
Score Distribution
Percent of People with Each Score
Percentile by Number Answered
Your Score History
You have not taken this quiz since the last reset